Wird geladen...

Theory and measurement of international economic integration /

Bibliographische Detailangaben
1. Verfasser: El-Agraa, Ali M.
Format: Printed Book
Sprache:English
Veröffentlicht: London : Macmillan, 1989.
LEADER 00809nam a2200169Ia 4500
008 150624b xxu||||| |||| 00| 0 eng d
020 |a 0333464435 
020 |a 333464435 
082 |a 338.18 
100 |a El-Agraa, Ali M. 
245 |a Theory and measurement of international economic integration /  |c Ali M. El-Agraa 
260 |a London :  |b Macmillan,  |c 1989. 
300 |a 388 p. 
505 |a 1. Theory of customs unions 2. Customs unions versus free trade areas 3. Common markets and economic unions 4. Economic integration amongst developing nations 5. Macroeconomics of integration 6. Economic integration amongst centrally planned economies 7 
942 |c BK 
999 |c 42633  |d 42633 
952 |0 0  |1 0  |4 0  |6 338_180000000000000_ELA_T  |7 0  |9 42629  |a UL  |b UL  |c ST2  |d 1998-09-01  |l 0  |o 338.18 ELA/T  |p 62663  |r 2012-10-27  |w 2012-10-27  |y BK